1954 1507 1292 1386 1136 1566 1228 1322 1320 1967 1976 1506 1473 1162 1612 1061 1256 1667 1400 1221 1208 1867 1354 1615 1471 1625 1762 1921 1607 1454 1147 1785 1084 1954 1505 1020 1963 1150 1076 1992 1346 1994 1746 1343 1997 1572 1313 1549 1808 1883 1677 1026 1790 1956 1942 1414 1563 1397 1322 1661 1538 1463 1590 1249 1513 1711 1034 1830 1915 1691 1732 1145 1513 1603 1283 1153 1497 1672 1628 1485 1052 1331 1933 1912 1946 1704 1709 1973 1390 1056 1840 1494 1827 1424 1087 1596 1104 1227 1088 BCNSPRNW ULIB Ver.6.0+V

เปลี่ยนเป็นภาษาไทย

Change to English
 แสดงรายละเอียดบรรณานุกรม
  กลับหน้าหลัก

Brief Record : Get Marc (ISO 2709) : E-mail record : QR code < ปิดหน้าต่าง
LEADER : 00000nam 2200000uu 4500
001    13399112304
003     ULIB
008    110627s2551||||th 000 0 tha d
020    9789749906828
090    นว.^bล978ล
100 0  ไล่ ตง จิ้น
245 00 ไล่ตงจิ้น ลูกขอทาน ผู้ไม่ยอมแพ้ต่อชะตาชีวิต/^cไล่ ตง จิ้น
250    พิมพ์ครั้งที่ 35
260    กรุงเทพฯ :^bอินสปายร์,^c2551
300    248 หน้า
710 1  อินสปายร์
945    ^p165^l0^i021028
945    ^p165^l0^i027984
945    ^p0^l0^i001434
945    ^p0^l0^i001435
945    ^p0^l0^i001436
945    ^p0^l0^i001437
945    ^p0^l0^i001438
995    ทศพร
999 ^a ใช้งานได้ทุกระบบ
รายการนี้ยังไม่มีแท็ก
คุณยังไม่ได้ล็อกอิน คุณสามารถมีกิจกรรมร่วมกับเว็บไซต์ได้ แต่ต้องล็อกอินก่อน ::
  ล็อกอิน

รายการสื่อสารสนเทศ

ลำดับที่ ประเภท เลขเรียก/บาร์โค้ด สถานที่ สถานะ
1. วิทยาศาสตร์การแพทย์ และสุขภาพ
วิทยาศาสตร์การแพทย์ และสุขภาพ
นว. ล978ล ฉ.3 
  Barcode: 001434
ห้องสมุดวิทยาเขตนครสวรรค์
►นวนิยาย:l:Fiction
บนชั้น
2. วิทยาศาสตร์การแพทย์ และสุขภาพ
วิทยาศาสตร์การแพทย์ และสุขภาพ
นว. ล978ล ฉ.4 
  Barcode: 001435
ห้องสมุดวิทยาเขตนครสวรรค์
►นวนิยาย:l:Fiction
บนชั้น
3. วิทยาศาสตร์การแพทย์ และสุขภาพ
วิทยาศาสตร์การแพทย์ และสุขภาพ
นว. ล978ล ฉ.5 
  Barcode: 001436
ห้องสมุดวิทยาเขตนครสวรรค์
►นวนิยาย:l:Fiction
บนชั้น
4. วิทยาศาสตร์การแพทย์ และสุขภาพ
วิทยาศาสตร์การแพทย์ และสุขภาพ
นว. ล978ล ฉ.6 
  Barcode: 001437
ห้องสมุดวิทยาเขตนครสวรรค์
►นวนิยาย:l:Fiction
บนชั้น
5. วิทยาศาสตร์การแพทย์ และสุขภาพ
วิทยาศาสตร์การแพทย์ และสุขภาพ
นว. ล978ล ฉ.7 
  Barcode: 001438
ห้องสมุดวิทยาเขตนครสวรรค์
►นวนิยาย:l:Fiction
บนชั้น

BibComment


ยังไม่เคยถูกคอมเมนท์

คอมเมนท์ทรัพยากรรายการนี้
  คอมเมนท์: ไล่ตงจิ้น ลูกขอทา..


 Copyright 2026. Bcnsprnw @Library